Cuero de diablo
Збережено в:
| Автор: | |
|---|---|
| Формат: | Книга |
| Мова: | Іспанська |
| Опубліковано: |
Santiago
Zig-Zag
1993
|
| Редагування: | 13a. ed |
| Серія: | Clásicos Escolares Selectos
|
| Предмети: | |
| Теги: |
Додати тег
Немає тегів, Будьте першим, хто поставить тег для цього запису!
|
MARC
| LEADER | 00000nam a2200000 a 4500 | ||
|---|---|---|---|
| 001 | UCH3866 | ||
| 003 | CL-VaPUC | ||
| 008 | 090818e19930000CL |||||||||||||||||spa|d | ||
| 020 | |a 9561205572 | ||
| 082 | 0 | 4 | |a Ch863 |b BLA |2 21 |
| 100 | 0 | |a Blanco, Guillermo |e author |9 518527 | |
| 245 | 1 | 0 | |a Cuero de diablo |
| 250 | |a 13a. ed | ||
| 300 | |a 159 p | ||
| 942 | |c BK | ||
| 945 | |d 20090818 00:00:00 |a lazolas | ||
| 260 | |a Santiago |b Zig-Zag |c 1993 | ||
| 650 | 0 | |a Cuentos chilenos |9 308280 | |
| 583 | |a last modification |c 20090818 00:00:00 |k Rodrigo Vera | ||
| 490 | 0 | |a Clásicos Escolares Selectos | |
| 999 | |c 335270 |d 335268 | ||